|
|
|
|
| LEADER |
03868nam a2200721 4500 |
| 001 |
ocn910802642 |
| 003 |
OCoLC |
| 005 |
20170124072123.9 |
| 006 |
m o d |
| 007 |
cr ||||||||||| |
| 008 |
150604s2015 enk ob 001 0 eng |
| 010 |
|
|
|a 2015022124
|
| 040 |
|
|
|a DLC
|b eng
|e rda
|e pn
|c DLC
|d N$T
|d YDXCP
|d IDEBK
|d DG1
|d OCLCF
|d EBLCP
|d CDX
|d TEFOD
|d OCLCQ
|d COO
|d OCLCQ
|d DEBBG
|d KSU
|d RECBK
|d GrThAP
|
| 020 |
|
|
|a 9781119121299
|q (electronic bk.)
|
| 020 |
|
|
|a 1119121299
|q (electronic bk.)
|
| 020 |
|
|
|a 9781119121305
|q (electronic bk.)
|
| 020 |
|
|
|a 1119121302
|q (electronic bk.)
|
| 020 |
|
|
|a 1119121280
|q (pbk.)
|
| 020 |
|
|
|a 9781119121282
|q (pbk.)
|
| 020 |
|
|
|z 9781119121282
|q (pbk.)
|
| 020 |
|
|
|z 9781119121312
|
| 020 |
|
|
|z 1119121310
|
| 029 |
1 |
|
|a GBVCP
|b 835764605
|
| 029 |
1 |
|
|a DEBBG
|b BV043397859
|
| 029 |
1 |
|
|a CHVBK
|b 374523983
|
| 029 |
1 |
|
|a CHNEW
|b 000893241
|
| 035 |
|
|
|a (OCoLC)910802642
|
| 037 |
|
|
|a 6FFC6C85-B873-45D6-A46F-080A63027AD5
|b OverDrive, Inc.
|n http://www.overdrive.com
|
| 042 |
|
|
|a pcc
|
| 050 |
0 |
0 |
|a B819
|
| 072 |
|
7 |
|a PHI
|x 026000
|2 bisacsh
|
| 072 |
|
7 |
|a PHI
|x 040000
|2 bisacsh
|
| 072 |
|
7 |
|a PHI
|x 006000
|2 bisacsh
|
| 082 |
0 |
0 |
|a 142/.78
|2 23
|
| 049 |
|
|
|a MAIN
|
| 100 |
1 |
|
|a Irwin, William,
|d 1970-
|
| 245 |
1 |
4 |
|a The free market existentialist :
|b capitalism without consumerism /
|c William Irwin.
|
| 264 |
|
1 |
|a Hoboken :
|b Wiley Blackwell,
|c 2015.
|
| 300 |
|
|
|a 1 online resource.
|
| 336 |
|
|
|a text
|b txt
|2 rdacontent
|
| 337 |
|
|
|a computer
|b n
|2 rdamedia
|
| 338 |
|
|
|a online resource
|b nc
|2 rdacarrier
|
| 504 |
|
|
|a Includes bibliographical references and index.
|
| 505 |
0 |
|
|a Philosophies of individualism -- Out, out, brief candle!?: what do you mean by existentialism? -- Like cigarettes and existentialism: why there is no necessary connection between Marxism and Sartre -- To consume or not to consume?: how existentialism helps capitalism -- Why nothing is wrong: moral anti-realism -- Not going to hell in a handbasket: existentialism and a world without morality -- What's mine is mine: moral anti-realism and property rights -- Who's afraid of the free market?: moral anti-realism and the minimal state -- Not your father's existentialism.
|
| 588 |
0 |
|
|a Print version record and CIP data provided by publisher.
|
| 520 |
|
|
|a Incisive and engaging, The Free Market Existentialist proposes a new philosophy that is a synthesis of existentialism, amoralism, and libertarianism. -Argues that Sartre's existentialism fits better with capitalism than with Marxism -Serves as a rallying cry for a new alternative, a minimal state funded by an equal tax -Confronts the "final delusion" of metaphysical morality, and proposes that we have nothing to fear from an amoral world -Begins an essential conversation for the 21st century for students, scholars, and armchair philosophers alike with clear, accessible discussions of a range of topics across philosophy including atheism, evolutionary theory, and ethics.
|
| 650 |
|
0 |
|a Existentialism.
|
| 650 |
|
0 |
|a Free enterprise.
|
| 650 |
|
0 |
|a Capitalism.
|
| 650 |
|
0 |
|a Consumption (Economics)
|
| 650 |
|
0 |
|a Anti-realism.
|
| 650 |
|
7 |
|a PHILOSOPHY
|x Criticism.
|2 bisacsh
|
| 650 |
|
7 |
|a PHILOSOPHY
|x Movements
|x Critical Theory.
|2 bisacsh
|
| 650 |
|
7 |
|a PHILOSOPHY
|x Movements
|x Existentialism.
|2 bisacsh
|
| 650 |
|
7 |
|a Anti-realism.
|2 fast
|0 (OCoLC)fst01776158
|
| 650 |
|
7 |
|a Capitalism.
|2 fast
|0 (OCoLC)fst00846425
|
| 650 |
|
7 |
|a Consumption (Economics)
|2 fast
|0 (OCoLC)fst00876455
|
| 650 |
|
7 |
|a Existentialism.
|2 fast
|0 (OCoLC)fst00918204
|
| 650 |
|
7 |
|a Free enterprise.
|2 fast
|0 (OCoLC)fst00933866
|
| 655 |
|
4 |
|a Electronic books.
|
| 776 |
0 |
8 |
|i Print version:
|a Irwin, William, 1970-
|t Free market existentialist.
|d Hoboken : Wiley, 2015
|z 9781119121282
|w (DLC) 2015016326
|
| 856 |
4 |
0 |
|u https://doi.org/10.1002/9781119121312
|z Full Text via HEAL-Link
|
| 994 |
|
|
|a 92
|b DG1
|